Countries By Jewish Ancestry - Statistics

General Stats
  • This quiz has been taken 61 times
  • The average score is 19 of 25
Answer Stats
Jews Country % Correct
7,89 mil Israel
100%
280,000 United Kingdom
100%
6,95 mil United States
100%
588,000 Canada
96%
215,000 Germany
94%
520,000 France
92%
310,000 Russia
90%
50,000 Spain
88%
495,000 Argentina
87%
645,000 Brazil
87%
40,000 Italy
83%
70,000 Mexico
83%
55,000 Netherlands
77%
190,000 Ukraine
77%
11,500 Austria
75%
43,000 Belgium
75%
112,500 Australia
73%
175,000 Chile
73%
28,500 Sweden
67%
20,000 Switzerland
67%
130,000 Hungary
65%
95,000 South Africa
54%
22,500 Uruguay
54%
17,300 Belarus
50%
64,000 Bulgaria
37%
No matching quizzes found
Score Distribution
Percent of People with Each Score
Percentile by Number Answered
Your Score History
You have not taken this quiz